| 000 | 00825nam a2200229 i 4500 | ||
|---|---|---|---|
| 001 | 171413 | ||
| 003 | ES-MaACL | ||
| 005 | 20250808062806.0 | ||
| 008 | 090514s1972 sp |||| | spa d | ||
| 017 | _aM 7688-1972 | ||
| 100 | 0 |
_aFraile, Guillermo. _952102 |
|
| 245 | 1 | 0 |
_aHistoria de la Filosofía española. _pDesde la Ilustración / _cpor Guillermo Fraile ; edición revisada y ultimada por Teófilo Urdanoz. |
| 260 |
_aMadrid : _b[La Editorial Católica], _c1972. |
||
| 300 |
_aVIII, 335 p., 1 h. ; _c20 cm. |
||
| 490 | 1 |
_aBiblioteca de autores cristianos ; _v330 |
|
| 500 | _aÍndices. | ||
| 650 | 4 |
_aFilosofía- _zEspaña- _vHistoria. _912844 |
|
| 700 | 1 |
_aUrdanoz, Teófilo. _9139750 |
|
| 830 | 0 | 0 |
_aBiblioteca de autores cristianos _v330 _9178679 |
| 852 |
_aES-MaACL _jJ-323 _9R.46092 |
||
| 999 |
_c171413 _d171413 |
||